The Dakota peoples : a history of the Dakota, Lakota and Nakota through 1863 /

Bibliographic Details
Main Author: Palmer, Jessica Dawn
Format: Book
Language:English
Published: Jefferson, N.C. : McFarland & Company, [2008]
Subjects:

MARC

Tag First Indicator Second Indicator Subfields
LEADER 00000cam a22000004a 4500
001 in00002362549
005 20151108085331.0
008 071019s2008 ncua b 001 0 eng
010 |a  2007042925 
020 |a 9780786431779 (illustrated case binding : alk. paper) 
020 |a 0786431776 (illustrated case binding : alk. paper) 
035 |a (OCoLC)ocn177062280 
040 |a DLC  |c DLC  |d UtOrBLW 
042 |a pcc 
043 |a np----- 
049 |a TXAM 
050 0 0 |a E99.D1  |b P185 2008 
082 0 0 |a 978.004/975243  |2 22 
100 1 |a Palmer, Jessica Dawn. 
245 1 4 |a The Dakota peoples :  |b a history of the Dakota, Lakota and Nakota through 1863 /  |c Jessica Dawn Palmer. 
264 1 |a Jefferson, N.C. :  |b McFarland & Company,  |c [2008] 
264 4 |c ©2008 
300 |a vii, 269 pages :  |b illustrations ;  |c 26 cm. 
336 |a text  |b txt  |2 rdacontent 
337 |a unmediated  |b n  |2 rdamedia 
338 |a volume  |b nc  |2 rdacarrier 
504 |a Includes bibliographical references (pages 263-264) and index. 
505 0 |a The origins of man -- Emergence -- What's in a word? -- Who were the Oceti Sawakin? -- Democracy in motion -- Of everyday things : robes and moccasins, home and furnishings -- Hunt and harvest -- Animals of power -- Politics and trade -- War and peace -- The way of the warrior -- Social graces -- Within the tipi -- The power of women -- Matters of faith -- Medicine and power -- Send a voice -- The pursuit of happiness -- Wasicu. 
650 0 |a Dakota Indians  |x History. 
650 0 |a Dakota Indians  |x Social life and customs. 
945 |a PromptCat 
946 |a stk 
947 |a A14836587419 
948 |a cataloged  |b h  |c 2008/2/27  |d c  |e dmitchel  |f 1:30:20 pm 
994 |a 92  |b TXA 
999 |a MARS 
999 f f |s d6c2e410-f8d1-350a-863c-4b04cf033ce0  |i c45de8ae-1c7a-394f-bc6c-ba416ef7867b  |t 0 
952 f f |p normal  |a Texas A&M University  |b College Station  |c Sterling C. Evans Library  |d Evans: Library Stacks  |t 0  |e E99.D1 P185 2008  |h Library of Congress classification  |i unmediated -- volume  |m A14836587419 
998 f f |a E99.D1 P185 2008  |t 0  |l Evans: Library Stacks